02000nam a22002417a 450000500170000000800410001702000180005804000070007604100080008308200220009110000160011324500860012926000410021530000300025636500600028652012910034665000300163765000210166765000140168865000170170265000210171970000180174020220211150030.0220211b ||||| |||| 00| 0 eng d a9781593275990 cAL aeng 223a005.133bSWEA aAl Sweigart aAutomate the boring stuff with Python:bpractical programming for total beginners aSan FranciscobNo Starch Pressc2015 axxi,479 p.bPBc23x18 cm. 2PhysicsaABDI/0543/22b69.95c$d52.46e25%f07-02-2022 aIf you’ve ever spent hours renaming files or updating hundreds of spreadsheet cells, you know how tedious tasks like these can be. But what if you could have your computer do them for you? In Automate the Boring Stuff with Python, you’ll learn how to use Python to write programs that do in minutes what would take you hours to do by hand—no prior programming experience required. Once you’ve mastered the basics of programming, you’ll create Python programs that effortlessly perform useful and impressive feats of automation to: –Search for text in a file or across multiple files –Create, update, move, and rename files and folders –Search the Web and download online content –Update and format data in Excel spreadsheets of any size –Split, merge, watermark, and encrypt PDFs –Send reminder emails and text notifications –Fill out online forms Step-by-step instructions walk you through each program, and practice projects at the end of each chapter challenge you to improve those programs and use your newfound skills to automate similar tasks. Don’t spend your time doing work a well-trained monkey could do. Even if you’ve never written a line of code, you can make your computer do the grunt work. Learn how in Automate the Boring Stuff with Python.  aPython Programming Basics aAutomating Tasks aDebugging aWeb Scraping aRunning Programs aSWEIGART (Al)